[Event "DEM U10 2021"]
[Site "Willingen GER"]
[Date "2021.08.23"]
[Round "1"]
[White "Krüger, Moritz"]
[Black "Chua, Daniel James"]
[Result "0-1"]
[Termination "normal"]
[Board "18"]
[WhiteElo "1187"]
[BlackElo "1434"]
[WhiteClock "01:10:19"]
[BlackClock "00:31:07"]
[PlyCount "108"]
[WhiteFideId "34608923"]
[BlackFideId "34608354"]
[EventCountry "GER"]
[EventRounds "11"]
[EventType "swiss"]
[EventDate "2021.08.22"]

1. d4 {[%clk 01:15:56]} {[%emt 00:00:02]} d5 {[%clk 01:15:55]} {[%emt
00:00:06]} 2. c4 {[%clk 01:16:21]} {[%emt 00:00:05]} e6 {[%clk 01:16:21]}
{[%emt 00:00:04]} 3. Nc3 {[%clk 01:16:44]} {[%emt 00:00:07]} Nf6 {[%clk
01:16:42]} {[%emt 00:00:07]} 4. Bg5 {[%clk 01:17:07]} {[%emt 00:00:08]} Be7
{[%clk 01:17:01]} {[%emt 00:00:12]} 5. e3 {[%clk 01:17:32]} {[%emt 00:00:05]}
h6 {[%clk 01:17:22]} {[%emt 00:00:08]} 6. Bf4 {[%clk 01:17:58]} {[%emt
00:00:05]} c5 {[%clk 01:16:35]} {[%emt 00:01:17]} 7. dxc5 {[%clk 01:18:19]}
{[%emt 00:00:09]} Bxc5 {[%clk 01:16:54]} {[%emt 00:00:11]} 8. Nf3 {[%clk
01:18:39]} {[%emt 00:00:09]} Nc6 {[%clk 01:16:30]} {[%emt 00:00:55]} 9. Be2
{[%clk 01:18:07]} {[%emt 00:01:02]} O-O {[%clk 01:15:29]} {[%emt 00:01:30]} 10.
O-O {[%clk 01:17:39]} {[%emt 00:00:59]} b6 {[%clk 01:15:04]} {[%emt 00:00:55]}
11. cxd5 {[%clk 01:16:51]} {[%emt 00:01:17]} exd5 {[%clk 01:14:31]} {[%emt
00:01:04]} 12. Rc1 {[%clk 01:16:07]} {[%emt 00:01:13]} Bb7 {[%clk 01:13:59]}
{[%emt 00:01:02]} 13. Nd4 {[%clk 01:15:59]} {[%emt 00:00:37]} Re8 {[%clk
01:13:44]} {[%emt 00:00:44]} 14. h3 {[%clk 01:15:35]} {[%emt 00:00:56]} a6
{[%clk 01:08:41]} {[%emt 00:05:34]} 15. Bf3 {[%clk 01:14:39]} {[%emt 00:01:24]}
Ne5 {[%clk 01:06:18]} {[%emt 00:02:54]} 16. Bxe5 {[%clk 01:14:10]} {[%emt
00:00:59]} Rxe5 {[%clk 01:06:07]} {[%emt 00:00:41]} 17. Qb3 {[%clk 01:13:05]}
{[%emt 00:01:35]} Rg5 {[%clk 01:02:11]} {[%emt 00:04:25]} 18. Rfd1 {[%clk
01:11:52]} {[%emt 00:01:44]} Qd7 {[%clk 01:01:57]} {[%emt 00:00:43]} 19. Kh1
{[%clk 01:11:27]} {[%emt 00:00:55]} Ne4 {[%clk 01:01:10]} {[%emt 00:01:18]} 20.
Qc2 {[%clk 01:10:52]} {[%emt 00:01:05]} Re8 {[%clk 01:00:23]} {[%emt 00:01:11]}
21. Bxe4 {[%clk 01:10:19]} {[%emt 00:01:09]} dxe4 {[%clk 00:56:48]} {[%emt
00:04:05]} 22. Nf3 {[%clk 01:10:24]} {[%emt 00:00:26]} Qxd1+ {[%clk 00:55:18]}
{[%emt 00:02:00]} 23. Qxd1 {[%clk 01:10:23]} {[%emt 00:00:29]} exf3 {[%clk
00:55:21]} {[%emt 00:00:28]} 24. g3 {[%clk 01:09:10]} {[%emt 00:01:44]} Rh5
{[%clk 00:53:28]} {[%emt 00:02:20]} 25. Qd7 {[%clk 01:09:17]} {[%emt 00:00:25]}
Re7 {[%clk 00:53:13]} {[%emt 00:00:45]} 26. Qg4 {[%clk 01:09:22]} {[%emt
00:00:25]} Rg5 {[%clk 00:52:44]} {[%emt 00:01:00]} 27. Qf4 {[%clk 01:09:31]}
{[%emt 00:00:19]} Rh5 {[%clk 00:52:03]} {[%emt 00:01:09]} 28. h4 {[%clk
01:09:44]} {[%emt 00:00:20]} Ree5 {[%clk 00:46:21]} {[%emt 00:06:12]} 29. Kg1
{[%clk 01:09:15]} {[%emt 00:00:59]} Rhf5 {[%clk 00:44:29]} {[%emt 00:02:23]}
30. Qc4 {[%clk 01:08:54]} {[%emt 00:00:51]} b5 {[%clk 00:41:51]} {[%emt
00:03:08]} 31. Qd3 {[%clk 01:09:02]} {[%emt 00:00:20]} b4 {[%clk 00:39:46]}
{[%emt 00:02:37]} 32. Na4 {[%clk 01:08:16]} {[%emt 00:01:15]} Rd5 {[%clk
00:39:27]} {[%emt 00:00:50]} 33. Qc4 {[%clk 01:07:54]} {[%emt 00:00:52]} Bxe3
{[%clk 00:36:03]} {[%emt 00:03:54]} 34. fxe3 {[%clk 01:07:45]} {[%emt
00:00:38]} Rd2 {[%clk 00:35:35]} {[%emt 00:00:59]} 35. Qf1 {[%clk 01:07:29]}
{[%emt 00:00:45]} Rg2+ {[%clk 00:33:08]} {[%emt 00:02:58]} 36. Kh1 {[%clk
01:07:44]} {[%emt 00:00:14]} f2 {[%clk 00:32:20]} {[%emt 00:01:18]} 37. Rc8+
{[%clk 01:07:46]} {[%emt 00:00:28]} Kh7 {[%clk 00:30:35]} {[%emt 00:02:16]} 38.
Rc1 {[%clk 01:07:41]} {[%emt 00:00:34]} Rg1+ {[%clk 00:29:43]} {[%emt
00:01:22]} 39. Kh2 {[%clk 01:08:00]} {[%emt 00:00:11]} Rxf1 {[%clk 00:29:55]}
{[%emt 00:00:18]} 40. Rxf1 {[%clk 01:08:19]} {[%emt 00:00:11]} a5 {[%clk
00:30:13]} {[%emt 00:00:12]} 41. g4 {[%clk 01:08:24]} {[%emt 00:00:25]} Rf6
{[%clk 00:30:06]} {[%emt 00:00:38]} 42. Kg3 {[%clk 01:08:39]} {[%emt 00:00:15]}
Rf3+ {[%clk 00:30:20]} {[%emt 00:00:16]} 43. Kg2 {[%clk 01:08:51]} {[%emt
00:00:17]} Rxe3+ {[%clk 00:30:24]} {[%emt 00:00:26]} 44. Kxf2 {[%clk 01:09:07]}
{[%emt 00:00:12]} Rh3 {[%clk 00:30:31]} {[%emt 00:00:24]} 45. Ke1 {[%clk
01:09:13]} {[%emt 00:00:25]} Rxh4 {[%clk 00:30:22]} {[%emt 00:00:39]} 46. Rxf7
{[%clk 01:09:36]} {[%emt 00:00:08]} Bc6 {[%clk 00:30:46]} {[%emt 00:00:07]} 47.
Nc5 {[%clk 01:09:45]} {[%emt 00:00:20]} Rxg4 {[%clk 00:30:56]} {[%emt
00:00:18]} 48. Rc7 {[%clk 01:09:20]} {[%emt 00:00:55]} Bd5 {[%clk 00:30:04]}
{[%emt 00:01:24]} 49. Nd7 {[%clk 01:09:33]} {[%emt 00:00:17]} Kh8 {[%clk
00:29:28]} {[%emt 00:00:59]} 50. Rc8+ {[%clk 01:09:50]} {[%emt 00:00:20]} Bg8
{[%clk 00:29:38]} {[%emt 00:00:18]} 51. Ne5 {[%clk 01:09:58]} {[%emt 00:00:23]}
Re4+ {[%clk 00:30:00]} {[%emt 00:00:08]} 52. Kd2 {[%clk 01:10:14]} {[%emt
00:00:14]} Rxe5 {[%clk 00:30:29]} {[%emt 00:00:01]} 53. b3 {[%clk 01:10:08]}
{[%emt 00:00:36]} h5 {[%clk 00:30:45]} {[%emt 00:00:15]} 54. Rc4 {[%clk
01:10:19]} {[%emt 00:00:18]} Bxc4 {[%clk 00:31:07]} {[%emt 00:00:08]} 0-1

[Event "DEM U10 2021"]
[Site "Willingen GER"]
[Date "2021.08.23"]
[Round "1"]
[White "Merenda, Lukas-Benedikt"]
[Black "Senel, Serdar"]
[Result "1-0"]
[Termination "normal"]
[Board "19"]
[WhiteElo "1222"]
[BlackElo "1179"]
[WhiteClock "01:02:10"]
[BlackClock "00:54:00"]
[PlyCount "81"]
[WhiteFideId "34603336"]
[BlackFideId "34608796"]
[EventCountry "GER"]
[EventRounds "11"]
[EventType "swiss"]
[EventDate "2021.08.22"]

1. e4 {[%clk 01:15:58]} {[%emt 00:00:01]} g6 {[%clk 01:15:46]} {[%emt
00:00:13]} 2. d4 {[%clk 01:16:20]} {[%emt 00:00:10]} Bg7 {[%clk 01:15:54]}
{[%emt 00:00:22]} 3. Nf3 {[%clk 01:16:04]} {[%emt 00:00:46]} e6 {[%clk
01:15:24]} {[%emt 00:00:59]} 4. Nc3 {[%clk 01:15:45]} {[%emt 00:00:49]} Ne7
{[%clk 01:15:00]} {[%emt 00:00:53]} 5. Be3 {[%clk 01:14:27]} {[%emt 00:01:50]}
d5 {[%clk 01:14:07]} {[%emt 00:01:23]} 6. e5 {[%clk 01:12:17]} {[%emt
00:02:40]} O-O {[%emt 00:00:55]} 7. Bd3 {[%emt 00:01:12]} Nbc6 {[%clk
01:11:25]} {[%emt 00:01:04]} 8. Qd2 {[%clk 01:06:41]} {[%emt 00:06:06]} Nb4
{[%clk 01:09:37]} {[%emt 00:02:18]} 9. Be2 {[%clk 01:05:42]} {[%emt 00:01:29]}
Nf5 {[%clk 01:09:35]} {[%emt 00:00:33]} 10. a3 {[%clk 01:05:42]} {[%emt
00:00:30]} Nxe3 {[%clk 01:09:14]} {[%emt 00:00:47]} 11. fxe3 {[%clk 01:06:03]}
{[%emt 00:00:12]} Nc6 {[%clk 01:08:48]} {[%emt 00:00:56]} 12. O-O-O {[%clk
01:04:51]} {[%emt 00:01:43]} a5 {[%clk 01:07:16]} {[%emt 00:02:02]} 13. h4
{[%clk 01:04:29]} {[%emt 00:00:51]} Ne7 {[%clk 01:05:49]} {[%emt 00:01:56]} 14.
h5 {[%clk 01:02:09]} {[%emt 00:02:51]} Nf5 {[%clk 01:05:57]} {[%emt 00:00:22]}
15. g4 {[%clk 01:02:26]} {[%emt 00:00:14]} Nh6 {[%clk 01:05:09]} {[%emt
00:01:15]} 16. Rdg1 {[%clk 01:01:28]} {[%emt 00:01:30]} Bd7 {[%clk 01:02:29]}
{[%emt 00:03:11]} 17. e4 {[%clk 01:01:09]} {[%emt 00:00:49]} dxe4 {[%clk
01:02:15]} {[%emt 00:00:41]} 18. Nxe4 {[%clk 01:01:22]} {[%emt 00:00:20]} Bc6
{[%clk 01:02:11]} {[%emt 00:00:34]} 19. Nf6+ {[%clk 01:00:22]} {[%emt
00:01:30]} Bxf6 {[%clk 01:01:40]} {[%emt 00:00:59]} 20. exf6 {[%clk 01:00:48]}
{[%emt 00:00:06]} Qxf6 {[%clk 01:00:44]} {[%emt 00:01:24]} 21. Qxh6 {[%clk
01:00:59]} {[%emt 00:00:20]} Qg7 {[%clk 00:59:39]} {[%emt 00:01:35]} 22. Qxg7+
{[%clk 01:00:52]} {[%emt 00:00:38]} Kxg7 {[%clk 00:59:24]} {[%emt 00:00:43]}
23. Rh3 {[%clk 01:01:15]} {[%emt 00:00:09]} Rh8 {[%clk 00:58:58]} {[%emt
00:00:54]} 24. Ne5 {[%clk 01:00:57]} {[%emt 00:00:49]} f6 {[%clk 00:58:27]}
{[%emt 00:01:01]} 25. Nxc6 {[%clk 01:00:53]} {[%emt 00:00:35]} bxc6 {[%clk
00:58:29]} {[%emt 00:00:27]} 26. Bf3 {[%clk 01:01:11]} {[%emt 00:00:12]} Ra6
{[%clk 00:58:17]} {[%emt 00:00:42]} 27. Be4 {[%clk 01:01:04]} {[%emt 00:00:38]}
Rb8 {[%clk 00:58:01]} {[%emt 00:00:46]} 28. hxg6 {[%clk 01:01:02]} {[%emt
00:00:30]} hxg6 {[%emt 00:00:09]} 29. Rgh1 {[%emt 00:00:08]} f5 {[%clk
00:57:58]} {[%emt 00:00:18]} 30. g5 {[%clk 01:00:31]} {[%emt 00:01:01]} Rab6
{[%clk 00:57:46]} {[%emt 00:00:42]} 31. Rh7+ {[%clk 01:00:49]} {[%emt
00:00:11]} Kf8 {[%emt 00:00:08]} 32. Rh8+ {[%emt 00:00:08]} Ke7 {[%clk
00:57:57]} {[%emt 00:00:03]} 33. Rxb8 {[%clk 01:01:03]} {[%emt 00:00:16]} Rxb8
{[%emt 00:01:04]} 34. Bxc6 {[%emt 00:00:02]} Kd6 {[%clk 00:57:06]} {[%emt
00:00:16]} 35. Bf3 {[%clk 01:01:20]} {[%emt 00:00:13]} e5 {[%clk 00:57:04]}
{[%emt 00:00:33]} 36. c3 {[%clk 01:01:06]} {[%emt 00:00:43]} e4 {[%clk
00:57:23]} {[%emt 00:00:11]} 37. Be2 {[%clk 01:01:22]} {[%emt 00:00:14]} f4
{[%clk 00:57:05]} {[%emt 00:00:46]} 38. Rh6 {[%clk 01:01:46]} {[%emt 00:00:08]}
Rg8 {[%emt 00:00:17]} 39. Bh5 {[%emt 00:00:14]} f3 {[%emt 00:01:29]} 40. Bxg6
{[%emt 00:00:26]} Kd5 {[%clk 00:54:00]} {[%emt 00:01:08]} 41. Bf7# {[%clk
01:02:10]} 1-0

[Event "DEM U10 2021"]
[Site "Willingen GER"]
[Date "2021.08.23"]
[Round "1"]
[White "Gavrylyuk, Oleksandr"]
[Black "Radeke, Timothy"]
[Result "0-1"]
[Termination "normal"]
[Board "20"]
[WhiteElo "1151"]
[BlackElo "1169"]
[WhiteClock "01:16:26"]
[BlackClock "00:52:01"]
[PlyCount "130"]
[WhiteFideId "34609083"]
[BlackFideId "16289412"]
[EventCountry "GER"]
[EventRounds "11"]
[EventType "swiss"]
[EventDate "2021.08.22"]

1. d4 {[%clk 01:15:59]} c5 {[%clk 01:15:54]} {[%emt 00:00:07]} 2. c3 {[%clk
01:16:25]} {[%emt 00:00:04]} e6 {[%clk 01:16:13]} {[%emt 00:00:11]} 3. Bf4
{[%clk 01:16:43]} {[%emt 00:00:11]} Nf6 {[%clk 01:16:29]} {[%emt 00:00:14]} 4.
Nf3 {[%clk 01:17:01]} {[%emt 00:00:13]} b6 {[%clk 01:16:28]} {[%emt 00:00:32]}
5. e3 {[%clk 01:17:19]} {[%emt 00:00:11]} Bb7 {[%clk 01:16:53]} {[%emt
00:00:05]} 6. Bd3 {[%clk 01:17:25]} {[%emt 00:00:24]} Nc6 {[%clk 01:16:48]}
{[%emt 00:00:34]} 7. Nbd2 {[%clk 01:17:37]} {[%emt 00:00:18]} Be7 {[%clk
01:17:08]} {[%emt 00:00:10]} 8. O-O {[%clk 01:17:34]} {[%emt 00:00:32]} Nh5
{[%clk 01:17:27]} {[%emt 00:00:12]} 9. Bg3 {[%clk 01:17:07]} {[%emt 00:00:57]}
O-O {[%clk 01:17:09]} {[%emt 00:00:48]} 10. Ne5 {[%clk 01:17:16]} {[%emt
00:00:21]} Nxg3 {[%clk 01:15:44]} {[%emt 00:01:55]} 11. hxg3 {[%clk 01:17:22]}
{[%emt 00:00:24]} Nxe5 {[%clk 01:12:11]} {[%emt 00:04:03]} 12. dxe5 {[%clk
01:17:32]} {[%emt 00:00:19]} d6 {[%clk 01:07:58]} {[%emt 00:04:44]} 13. exd6
{[%clk 01:16:34]} {[%emt 00:01:27]} Qxd6 {[%clk 01:08:15]} {[%emt 00:00:14]}
14. Be4 {[%clk 01:15:11]} {[%emt 00:01:54]} Rad8 {[%clk 01:03:02]} {[%emt
00:05:43]} 15. Bxb7 {[%clk 01:14:33]} {[%emt 00:01:08]} Qxd2 {[%clk 01:03:23]}
{[%emt 00:00:08]} 16. Qxd2 {[%clk 01:14:44]} {[%emt 00:00:20]} Rxd2 {[%clk
01:03:47]} {[%emt 00:00:05]} 17. Rab1 {[%clk 01:14:46]} {[%emt 00:00:28]} Rfd8
{[%clk 01:02:28]} {[%emt 00:01:50]} 18. Bf3 {[%clk 01:14:01]} {[%emt 00:01:13]}
f6 {[%clk 01:01:02]} {[%emt 00:01:57]} 19. Rfd1 {[%clk 01:12:45]} {[%emt
00:01:46]} Rxd1+ {[%clk 01:01:11]} {[%emt 00:00:21]} 20. Rxd1 {[%clk 01:13:07]}
{[%emt 00:00:07]} Rxd1+ {[%clk 01:01:37]} {[%emt 00:00:05]} 21. Bxd1 {[%clk
01:13:30]} {[%emt 00:00:07]} Kf7 {[%clk 00:59:05]} {[%emt 00:03:03]} 22. Bc2
{[%clk 01:13:00]} {[%emt 00:01:00]} h6 {[%clk 00:59:25]} {[%emt 00:00:10]} 23.
Kf1 {[%clk 01:12:55]} {[%emt 00:00:35]} b5 {[%clk 00:59:43]} {[%emt 00:00:12]}
24. Ke2 {[%clk 01:12:56]} {[%emt 00:00:29]} e5 {[%clk 01:00:07]} {[%emt
00:00:07]} 25. b3 {[%clk 01:12:59]} {[%emt 00:00:26]} Ke6 {[%clk 01:00:24]}
{[%emt 00:00:13]} 26. Bd3 {[%clk 01:13:10]} {[%emt 00:00:19]} b4 {[%clk
00:59:46]} {[%emt 00:01:08]} 27. cxb4 {[%clk 01:13:18]} {[%emt 00:00:22]} cxb4
{[%clk 00:59:59]} {[%emt 00:00:17]} 28. Bc4+ {[%clk 01:13:35]} {[%emt
00:00:12]} Kd6 {[%clk 01:00:02]} {[%emt 00:00:27]} 29. Kd3 {[%clk 01:13:32]}
{[%emt 00:00:34]} f5 {[%clk 00:59:55]} {[%emt 00:00:37]} 30. f3 {[%clk
01:12:56]} {[%emt 00:01:05]} g5 {[%clk 00:59:42]} {[%emt 00:00:43]} 31. e4
{[%clk 01:12:38]} {[%emt 00:00:48]} f4 {[%clk 01:00:07]} {[%emt 00:00:06]} 32.
g4 {[%clk 01:12:48]} {[%emt 00:00:19]} Kc5 {[%clk 00:59:51]} {[%emt 00:00:46]}
33. Bd5 {[%clk 01:12:05]} {[%emt 00:01:13]} Bd8 {[%clk 00:59:59]} {[%emt
00:00:22]} 34. Bc4 {[%clk 01:12:06]} {[%emt 00:00:29]} Bf6 {[%clk 00:53:03]}
{[%emt 00:07:25]} 35. Bd5 {[%clk 01:12:08]} {[%emt 00:00:29]} Bg7 {[%clk
00:53:25]} {[%emt 00:00:08]} 36. Bc4 {[%clk 01:12:29]} {[%emt 00:00:09]} Bf8
{[%clk 00:49:38]} {[%emt 00:04:16]} 37. Bd5 {[%clk 01:12:40]} {[%emt 00:00:20]}
Kb6 {[%clk 00:48:35]} {[%emt 00:01:33]} 38. Kc4 {[%clk 01:12:34]} {[%emt
00:00:35]} a6 {[%clk 00:48:58]} {[%emt 00:00:07]} 39. Be6 {[%clk 01:12:47]}
{[%emt 00:00:17]} a5 {[%clk 00:49:24]} {[%emt 00:00:05]} 40. Kd5 {[%clk
01:12:51]} {[%emt 00:00:25]} Bg7 {[%clk 00:49:46]} {[%emt 00:00:08]} 41. Bd7
{[%clk 01:12:52]} {[%emt 00:00:30]} Bh8 {[%clk 00:46:04]} {[%emt 00:04:11]} 42.
Ke6 {[%clk 01:11:31]} {[%emt 00:01:51]} Kc5 {[%clk 00:46:30]} {[%emt 00:00:05]}
43. Kf5 {[%clk 01:11:46]} {[%emt 00:00:15]} Kd4 {[%clk 00:46:52]} {[%emt
00:00:07]} 44. Kg6 {[%clk 01:12:05]} {[%emt 00:00:08]} Ke3 {[%clk 00:47:12]}
{[%emt 00:00:14]} 45. Kxh6 {[%clk 01:12:23]} {[%emt 00:00:11]} Kf2 {[%clk
00:46:56]} {[%emt 00:00:47]} 46. Bb5 {[%clk 01:12:20]} {[%emt 00:00:32]} Kxg2
{[%clk 00:47:18]} {[%emt 00:00:08]} 47. Be2 {[%clk 01:12:38]} {[%emt 00:00:11]}
Kf2 {[%clk 00:47:37]} {[%emt 00:00:12]} 48. Bd1 {[%clk 01:12:52]} {[%emt
00:00:16]} Ke1 {[%clk 00:48:03]} {[%emt 00:00:04]} 49. Bc2 {[%clk 01:12:58]}
{[%emt 00:00:24]} Kd2 {[%clk 00:48:25]} {[%emt 00:00:08]} 50. Bb1 {[%clk
01:13:18]} {[%emt 00:00:11]} Ke3 {[%clk 00:48:37]} {[%emt 00:00:18]} 51. Kxg5
{[%clk 01:13:36]} {[%emt 00:00:10]} Kxf3 {[%clk 00:49:02]} {[%emt 00:00:06]}
52. Kh5 {[%clk 01:13:47]} {[%emt 00:00:19]} Ke3 {[%clk 00:49:16]} {[%emt
00:00:16]} 53. Kh4 {[%clk 01:13:51]} {[%emt 00:00:25]} f3 {[%clk 00:49:00]}
{[%emt 00:00:47]} 54. Kg3 {[%clk 01:14:14]} {[%emt 00:00:07]} Bf6 {[%clk
00:49:11]} {[%emt 00:00:19]} 55. Bd3 {[%clk 01:13:53]} {[%emt 00:00:52]} Kxd3
{[%clk 00:49:33]} {[%emt 00:00:07]} 56. Kxf3 {[%clk 01:14:16]} {[%emt
00:00:07]} Bg5 {[%clk 00:49:58]} {[%emt 00:00:05]} 57. a4 {[%clk 01:14:11]}
{[%emt 00:00:35]} bxa3 {[%clk 00:50:17]} {[%emt 00:00:12]} 58. b4 {[%clk
01:14:29]} {[%emt 00:00:11]} axb4 {[%emt 00:00:08]} 59. Kg3 {[%clk 01:14:42]}
{[%emt 00:00:16]} a2 {[%clk 00:51:03]} {[%emt 00:00:07]} 60. Kf3 {[%clk
01:15:05]} {[%emt 00:00:07]} a1=Q {[%clk 00:51:25]} {[%emt 00:00:07]} 61. Kg2
{[%clk 01:15:25]} {[%emt 00:00:10]} b3 {[%clk 00:51:26]} {[%emt 00:00:31]} 62.
Kf2 {[%clk 01:15:32]} {[%emt 00:00:22]} b2 {[%clk 00:51:36]} {[%emt 00:00:21]}
63. Kg2 {[%clk 01:15:51]} {[%emt 00:00:10]} b1=Q {[%clk 00:51:42]} {[%emt
00:00:23]} 64. Kf2 {[%clk 01:16:04]} {[%emt 00:00:17]} Qg1+ {[%clk 00:52:01]}
{[%emt 00:00:12]} 65. Kf3 {[%clk 01:16:26]} {[%emt 00:00:08]} Qaf1 {[%emt
00:00:05]} 0-1